01909ngm a22001931i 450000100060000009000100000610000410001620000390005721000400009621500460013630000730018233010630025570000250131870100290134399000150137299500920138799501110147999501250159024930 a24930 a20120424u u u0frey50 ba1 aA lei do ódiodThe last hard men cTwentieth Century FoxaLisboad2008 d1 DVD (aprox. 93 minutos) : color.; 19 cm aNº de registo 1731/2008. - M/ 12 anos. - Legendado em português  aElenco: Charlton Heston, James Coburn, Barbara Hershey, Jorge Rivero, Michael Parks, Larry Wilcox, Thalmus Rasulala, Morgan Paull, John Quade, Robert Donner, Sam Gilman, James Bacon, Riley Hill, Dick Alexander, Yolanda Schutz, Alberto Piña, David Herrera, Christopher Mitchum. Sinopse: A LEI DO ÓDIO conta a história do velho xerife Sam Burgade (Charlton Heston), que se torna alvo de uma vingança. Numa poeirenta cadeia, no inicio do ano 1900 o fora da lei Zach Provo (James Coburn) organiza a fuga com mais seis condenados. Provo não está á procura de liberdade, ele quer vingar-se do homem que o aprisionou anos antes e que foi também o responsável pela morte da sua mulher, atingida por uma bala durante o tiroteio que originou a sua captura. Mas como Burgade, agora reformado, não quer nada com armas, nem duelos, Zach Provo resolve raptar a sua filha Susan (Barbara Hershey) e ameaça matá-la se Brugade se recusar a confronta-lo. Sem opções, Burgade coloca os revólveres no coldre e parte no encalço do assassino Provo. 1aSeltzerbWalter4630 1aMclaglenbAndrew V.4370 cFILMES DVD 0010934063bBMVAdBMVAeDVDs / CD-Romsf0000716VIkSELo0rFILMES DVDaBMVAcBMVAq106 0010934064bBMVAAGdBMVAAGeDVDs / CD-Romsf0000720VIkSELo0rFILMES DVDuM/12 anosaBMVAAGcBMVAAGq106 0010934065bBMVAALdBMVAALeDVDs / CD-Romsf0000727VIkSELm2017-10-17o0rFILMES DVDuM/ 12 anos aBMVAALcBMVAALq106